000 00726nam a2200205Ia 4500
999 _c36727
_d36727
001 2661
003 GE_BSU
005 20230825115939.0
008 181216s1985||||ru |||||||||||||| ||rus||
040 _cGE_BSU
080 _a517(075.8) И-46
100 _aИльин, В.А.
_919714
245 _aМатематический анализ /
_cВ.А. Ильин; Под ред. А.Н.Тихонова.
264 _aМосква :
_bМосковск.ун-т,
_c1985.
300 _a660 стр.;
_b22 см.
653 _aМатематический анализ
653 _aმათემატიკური ანალიზი
700 _aТихонов, А.Н.
_eრედაქტორი
_919715
942 _cBK
_2udc